[Event "1st Turkish League 2017"]
[Site "Konya"]
[Date "2017.07.20"]
[Round "5"]
[White "Bashirli, Nail"]
[Black "Isik, Alparslan"]
[Result "0-1"]
[WhiteElo "2352"]
[BlackElo "2211"]
[Annotator "ChessBase"]
[PlyCount "140"]
[EventType "team-tourn"]
[EventCountry "TUR"]
[SourceTitle "playchess.com"]
[Source "ChessBase"]
[SourceQuality "1"]
[TimeControl "5400+30"]

1. e4 {[%emt 0:00:30]} c5 {[%emt 0:01:00]} 2. Nf3 {[%emt 0:00:00]} d6 {[%emt 0:00:00]} 3. d4 {[%emt 0:00:00]} cxd4 {[%emt 0:00:00]} 4. Nxd4 {[%emt 0:00:30]} Nf6 {[%emt 0:00:30]} 5. Nc3 {[%emt 0:00:30]} a6 {[%emt 0:00:30]} 6. Be2 {[%emt 0:00:00]} e5 {[%emt 0:00:00]} 7. Nb3 {[%emt 0:01:00]} Be7 {[%emt 0:02:00]} 8. Be3 {[%emt 0:02:30]} Be6 {[%emt 0:01:30]} 9. O-O {[%emt 0:01:30]} O-O {[%emt 0:00:30]} 10. Kh1 {[%emt 0:00:30]} Nbd7 {[%emt 0:07:30]} 11. f4 {[%emt 0:00:30]} exf4 {[%emt 0:04:30]} 12. Bxf4 {[%emt 0:00:30]} Ne5 {[%emt 0:00:30]} 13. Nd4 {[%emt 0:00:00]} Qb6 {[%emt 0:06:30]} 14. Nd5 {[%emt 0:04:00]} Nxd5 {[%emt 0:09:30]} 15. exd5 {[%emt 0:00:30]} Bd7 {[%emt 0:00:00]} 16. c4 {[%emt 0:08:30]} Bf6 {[%emt 0:03:00]} 17. Nb3 {[%emt 0:02:30]} Rac8 {[%emt 0:03:30]} 18. Rc1 {[%emt 0:02:30]} Ng6 {[%emt 0:02:30]} 19. Bg3 {[%emt 0:07:30]} Bxb2 {[%emt 0:02:30]} 20. Rc2 {[%emt 0:11:30]} Be5 {[%emt 0:01:30]} 21. Bf2 {[%emt 0:01:30]} Qd8 {[%emt 0:03:30]} 22. c5 {[%emt 0:04:30]} Qg5 {[%emt 0:08:30]} 23. Bg1 {[%emt 0:07:30]} Nh4 {[%emt 0:08:30]} 24. Bd3 {[%emt 0:03:30]} Bg4 {[%emt 0:05:30]} 25. Be2 {[%emt 0:03:30]} Bf5 {[%emt 0:03:30]} 26. Bd3 {[%emt 0:00:00]} Bg4 {[%emt 0:01:30]} 27. Qc1 {[%emt 0:04:00]} Qh5 {[%emt 0:02:30]} 28. c6 {[%emt 0:05:30]} bxc6 {[%emt 0:04:06]} 29. dxc6 {[%emt 0:00:30]} Nf5 {[%emt 0:00:46]} 30. Bxf5 {[%emt 0:00:30]} Bxf5 {[%emt 0:00:04]} 31. Rd2 {[%emt 0:04:30]} Be4 {[%emt 0:00:58]} 32. Nd4 {[%emt 0:04:30]} Bxd4 {[%emt 0:01:11]} 33. Bxd4 {[%emt 0:00:00]} Rxc6 {[%emt 0:00:47]} 34. Qa3 {[%emt 0:01:00]} d5 {[%emt 0:01:16]} 35. h3 {[%emt 0:01:30]} Qg5 {[%emt 0:02:43]} 36. Rff2 {[%emt 0:00:30]} Rfc8 {[%emt 0:01:30]} 37. Kh2 {[%emt 0:00:00]} h5 {[%emt 0:01:19]} 38. Be3 {[%emt 0:02:32]} Qg6 {[%emt 0:00:45]} 39. Bf4 {[%emt 0:05:22]} Rc2 {[%emt 0:00:59]} 40. Qe7 {[%emt 0:00:32]} Rxd2 {[%emt 0:00:30]} 41. Rxd2 {[%emt 0:00:04]} Kh7 {[%emt 0:01:58]} 42. Qe5 {[%emt 0:01:00]} Rc6 {[%emt 0:01:39]} 43. Bg3 {[%emt 0:02:48]} f6 {[%emt 0:02:57]} 44. Qd4 {[%emt 0:00:38]} Qf5 {[%emt 0:00:23]} 45. Rf2 {[%emt 0:00:13]} Qe6 {[%emt 0:00:19]} 46. Qd1 {[%emt 0:00:01]} Qf7 {[%emt 0:01:45]} 47. Qa4 {[%emt 0:00:43]} Qd7 {[%emt 0:01:06]} 48. Qd1 {[%emt 0:00:43]} Bg6 {[%emt 0:00:17]} 49. Rd2 {[%emt 0:00:01]} Rc5 {[%emt 0:00:43]} 50. Bf2 {[%emt 0:02:10]} Qc7+ {[%emt 0:01:13]} 51. Bg3 {[%emt 0:00:30]} Qc6 {[%emt 0:00:30]} 52. Qf3 {[%emt 0:00:05]} Ra5 {[%emt 0:00:11]} 53. Re2 {[%emt 0:01:18]} Qd7 {[%emt 0:00:48]} 54. Rd2 {[%emt 0:01:45]} d4 {[%emt 0:00:30]} 55. Bf4 {[%emt 0:02:35]} d3 {[%emt 0:00:30]} 56. Qe3 {[%emt 0:00:00]} Qd5 {[%emt 0:00:42]} 57. Qf2 {[%emt 0:00:06]} Rc5 {[%emt 0:00:09]} 58. a3 {[%emt 0:00:36]} Rc2 {[%emt 0:00:42]} 59. Qe1 {[%emt 0:01:36]} Qa5 {[%emt 0:00:48]} 60. Re2 {[%emt 0:01:59]} Qxa3 {[%emt 0:01:06]} 61. Re3 {[%emt 0:01:31]} Qa2 {[%emt 0:00:43]} 62. Rg3 {[%emt 0:01:37]} Re2 {[%emt 0:00:33]} 63. Qg1 {[%emt 0:02:31]} Be4 {[%emt 0:00:39]} 64. h4 {[%emt 0:00:05]} Qd5 {[%emt 0:01:18]} 65. Qa7 {[%emt 0:00:29]} Rxg2+ {[%emt 0:00:13]} 66. Rxg2 {[%emt 0:01:24]} Bxg2 {[%emt 0:00:02]} 67. Bd2 {[%emt 0:00:03]} Bf1 {[%emt 0:00:41]} 68. Qf2 {[%emt 0:00:30]} Be2 {[%emt 0:00:23]} 69. Kg3 {[%emt 0:00:02]} a5 {[%emt 0:00:56]} 70. Qf4 {[%emt 0:00:06]} a4 {[%emt 0:00:32]} 0-1

[Event "1st Turkish League 2017"]
[Site "Konya"]
[Date "2017.07.20"]
[Round "5"]
[White "Khukhashvili, Sopiko"]
[Black "Gokbulut, Julia"]
[Result "1-0"]
[WhiteElo "2339"]
[BlackElo "1997"]
[Annotator "NA"]
[PlyCount "63"]
[EventType "team-tourn"]
[EventCountry "TUR"]
[SourceTitle "playchess.com"]
[Source "ChessBase"]
[SourceQuality "1"]
[TimeControl "5400+30"]

1. e4 {[%emt 0:00:30]} c5 {[%emt 0:01:00]} 2. Nf3 {[%emt 0:00:30]} e6 {[%emt 0:00:30]} 3. d4 {[%emt 0:00:30]} cxd4 {[%emt 0:00:00]} 4. Nxd4 {[%emt 0:00:00]} a6 {[%emt 0:00:00]} 5. Bd3 {[%emt 0:00:00]} Bc5 {[%emt 0:00:00]} 6. Nb3 {[%emt 0:00:00]} Be7 {[%emt 0:00:00]} 7. Nc3 {[%emt 0:00:00]} Nc6 {[%emt 0:00:30]} 8. Qe2 {[%emt 0:00:30]} d6 {[%emt 0:00:30]} 9. f4 {[%emt 0:00:00]} Qc7 {[%emt 0:00:30]} 10. O-O {[%emt 0:00:00]} Nf6 {[%emt 0:01:30]} 11. Bd2 {[%emt 0:00:30]} b5 {[%emt 0:03:30]} 12. a3 {[%emt 0:00:00]} O-O {[%emt 0:06:30]} 13. Kh1 {[%emt 0:03:00]} Bb7 {[%emt 0:05:30]} 14. Rae1 {[%emt 0:00:30]} Rfe8 {[%emt 0:05:30] B33: Sicilian: Pelikan and Sveshnikov Variations} (14... b4 15. Nd1 a5 16. a4 Nd7 17. Ne3 Rfe8 18. Qh5 Bf8 19. Qh3 g6 20. Ng4 h5 21. Ne3 Bg7 22. Bc4 {0-1 (41) Novik,M (2467)-Alekseev,E (2698) St Petersburg 2013}) 15. e5 {[%emt 0:09:30]} Nd7 {[%emt 0:00:30]} 16. exd6 {[%emt 0:00:30]} Bxd6 {[%emt 0:01:30]} 17. Ne4 {[%emt 0:00:00]} Bf8 {[%emt 0:05:30]} 18. Bc3 {[%emt 0:13:00] [#]} h6 $146 {[%emt 0:04:30]} ({Predecessor:} 18... b4 19. Ng5 h6 20. Qh5 Nf6 {½-½ (20) Tristan,L (2317)-Felgaer,R (2556) Berazategui 2007}) 19. Qh5 {[%emt 0:08:30]} Nd8 {[%emt 0:11:30]} 20. Re3 {[%emt 0:04:30]} e5 {[%emt 0:18:30]} 21. Qf5 {[%emt 0:13:30]} Qc6 {[%emt 0:10:30]} 22. fxe5 $18 {[%emt 0:06:30]} Qe6 {[%emt 0:04:30]} 23. Qf2 {[%emt 0:00:30]} Rc8 {[%emt 0:04:15]} 24. Nd4 {[%emt 0:03:30]} Qd5 {[%emt 0:02:50]} 25. Nf5 {[%emt 0:00:00]} Rxc3 {[%emt 0:06:02]} 26. Nxc3 {[%emt 0:01:00]} Qe6 {[%emt 0:02:07]} 27. Nd4 {[%emt 0:00:30]} Qb6 {[%emt 0:01:56]} 28. Qf5 {[%emt 0:00:30]} Qg6 {[%emt 0:00:57]} 29. Qh3 {[%emt 0:01:30]} Qg5 {[%emt 0:00:48]} 30. Rg3 {[%emt 0:00:00]} Qxe5 {[%emt 0:00:45]} 31. Qxd7 {[%emt 0:00:00]} h5 {[%emt 0:02:18]} 32. Qf5 {[%emt 0:00:30]} 1-0

[Event "1st Turkish League 2017"]
[Site "Konya"]
[Date "2017.07.20"]
[Round "5"]
[White "Kilic, Efe Mert"]
[Black "Cansun, Can Alp"]
[Result "1-0"]
[WhiteElo "2287"]
[BlackElo "1959"]
[Annotator "NA RC"]
[PlyCount "73"]
[EventType "team-tourn"]
[EventCountry "TUR"]
[SourceTitle "playchess.com"]
[Source "ChessBase"]
[SourceQuality "1"]
[TimeControl "5400+30"]

1. e4 {[%emt 0:00:30]} c5 {[%emt 0:01:00]} 2. Nf3 {[%emt 0:00:30]} e6 {[%emt 0:00:00]} 3. d4 {[%emt 0:00:30]} cxd4 {[%emt 0:00:00]} 4. Nxd4 {[%emt 0:00:30]} a6 {[%emt 0:00:30]} 5. Bd3 {[%emt 0:00:00]} Nf6 {[%emt 0:00:00]} 6. O-O {[%emt 0:00:00]} Qc7 {[%emt 0:00:00]} 7. c4 {[%emt 0:01:30]} Nc6 {[%emt 0:00:30]} 8. Be3 {[%emt 0:06:30]} d6 {[%emt 0:03:30]} 9. Nc3 {[%emt 0:01:30]} Be7 {[%emt 0:01:30]} 10. Qe2 {[%emt 0:01:30]} O-O {[%emt 0:03:30]} 11. f4 {[%emt 0:03:30]} Re8 {[%emt 0:10:30]} 12. Rac1 {[%emt 0:13:30]} Bf8 {[%emt 0:13:30]} 13. h3 $16 {[%emt 0:06:30]} e5 {[%emt 0:33:30]} 14. Nb3 {[%emt 0:03:30]} exf4 {[%emt 0:00:30]} 15. Rxf4 {[%emt 0:00:30]} Ne5 {[%emt 0:01:30]} 16. Rxf6 {[%emt 0:01:30]} gxf6 {[%emt 0:00:30]} 17. Nd5 {[%emt 0:00:00]} Nxd3 {[%emt 0:26:27]} 18. Nxc7 {[%emt 0:01:00]} Nxc1 {[%emt 0:00:05]} 19. Nxc1 {[%emt 0:00:30]} Be6 {[%emt 0:00:30]} 20. Nxa8 {[%emt 0:00:30]} Rxa8 {[%emt 0:00:00]} 21. b3 {[%emt 0:00:30]} Re8 {[%emt 0:00:00]} 22. Bd4 {[%emt 0:00:30]} Bh6 {[%emt 0:02:34]} 23. Nd3 {[%emt 0:00:00]} Bf5 {[%emt 0:01:14]} 24. Qh5 {[%emt 0:02:00]} Rxe4 {[%emt 0:00:37]} 25. Qxh6 {[%emt 0:00:00]} Rxd4 {[%emt 0:00:33]} 26. Qxf6 {[%emt 0:00:00]} Rxd3 {[%emt 0:00:30]} 27. Qxf5 {[%emt 0:00:30]} Rd1+ {[%emt 0:00:30]} 28. Kh2 {[%emt 0:00:00]} Ra1 {[%emt 0:00:00]} 29. Qc2 {[%emt 0:01:00]} a5 {[%emt 0:00:33]} 30. h4 {[%emt 0:00:00]} Rf1 {[%emt 0:00:47]} 31. h5 {[%emt 0:00:00]} Rf6 {[%emt 0:00:48]} 32. Qe4 {[%emt 0:00:30]} b6 {[%emt 0:00:15]} 33. Qd4 {[%emt 0:00:30]} Kg7 {[%emt 0:00:35]} 34. Qxb6 {[%emt 0:00:30]} Rf5 {[%emt 0:00:37]} 35. g4 {[%emt 0:00:30]} Rg5 {[%emt 0:00:00]} 36. Kg3 {[%emt 0:00:30]} d5 {[%emt 0:00:40]} 37. h6+ {[%emt 0:00:00]} 1-0

[Event "1st Turkish League 2017"]
[Site "Konya"]
[Date "2017.07.20"]
[Round "5"]
[White "Keler, Faruk"]
[Black "Hajiyev, Shahin"]
[Result "1-0"]
[WhiteElo "2262"]
[BlackElo "2008"]
[Annotator "NA"]
[PlyCount "47"]
[EventType "team-tourn"]
[EventCountry "TUR"]
[SourceTitle "playchess.com"]
[Source "ChessBase"]
[SourceQuality "1"]
[TimeControl "5400+30"]

1. Nf3 {[%emt 0:00:30]} d5 {[%emt 0:01:00]} 2. g3 {[%emt 0:00:30]} c6 {[%emt 0:00:30]} 3. Bg2 {[%emt 0:00:00]} Bg4 {[%emt 0:00:30]} 4. O-O {[%emt 0:00:00]} Nd7 {[%emt 0:00:30]} 5. c4 {[%emt 0:00:30]} e6 {[%emt 0:00:00]} 6. cxd5 {[%emt 0:00:30]} cxd5 {[%emt 0:01:00]} 7. Nc3 {[%emt 0:01:30]} Ngf6 {[%emt 0:00:30]} 8. Qb3 {[%emt 0:02:30] A11: English Opening: 1...c6} (8. d3 Bd6 9. Bd2 {½-½ (9) Bachmann,A (2646)-Kuzubov,Y (2637) Chartres 2017}) 8... Qb6 {[%emt 0:02:30]} 9. Qxb6 {[%emt 0:00:30]} Nxb6 {[%emt 0:00:30]} 10. d3 {[%emt 0:00:30]} Be7 {[%emt 0:07:30]} 11. Be3 {[%emt 0:00:30]} Nfd7 {[%emt 0:07:30]} 12. Rfc1 $146 {[%emt 0:03:30]} ({Predecessor:} 12. Nd2 Bc5 13. Bxc5 Nxc5 14. Rac1 Nbd7 15. h3 {1-0 (23) Loginov,V (2525)-Gostisa,L (2430) Ljubljana 1995}) 12... a6 {[%emt 0:04:30]} 13. a4 {[%emt 0:05:30]} Nc8 {[%emt 0:08:30]} 14. a5 {[%emt 0:01:30]} Bxf3 {[%emt 0:07:30]} 15. Bxf3 {[%emt 0:05:30]} Ne5 {[%emt 0:00:30]} 16. Na4 {[%emt 0:02:30]} Nxf3+ {[%emt 0:11:30]} 17. exf3 {[%emt 0:01:30]} Nd6 {[%emt 0:00:30]} 18. Nc5 {[%emt 0:30:30]} O-O {[%emt 0:11:30]} 19. Bf4 {[%emt 0:03:30]} Rab8 {[%emt 0:03:30]} 20. Nd7 {[%emt 0:01:30]} Rbd8 {[%emt 0:10:49]} 21. Nxf8 $18 {[%emt 0:00:30]} Kxf8 {[%emt 0:00:11]} 22. Rc7 {[%emt 0:00:30]} Rb8 {[%emt 0:00:56]} 23. Rd7 {[%emt 0:00:30]} Ke8 {[%emt 0:00:54]} 24. Bxd6 {[%emt 0:00:00]} 1-0

[Event "1st Turkish League 2017"]
[Site "Konya"]
[Date "2017.07.20"]
[Round "5"]
[White "Dogan, Nazmi Can"]
[Black "Taskaya, Muhammed"]
[Result "1-0"]
[WhiteElo "2242"]
[BlackElo "1997"]
[Annotator "NA"]
[PlyCount "115"]
[EventType "team-tourn"]
[EventCountry "TUR"]
[SourceTitle "playchess.com"]
[Source "ChessBase"]
[SourceQuality "1"]
[TimeControl "5400+30"]

1. d4 {[%emt 0:00:30]} d5 {[%emt 0:01:00]} 2. Bf4 {[%emt 0:00:00]} Bf5 {[%emt 0:02:30]} 3. e3 {[%emt 0:02:00]} e6 {[%emt 0:00:30]} 4. c4 {[%emt 0:03:30]} Bxb1 {[%emt 0:07:30]} 5. Qxb1 {[%emt 0:01:30]} Bb4+ {[%emt 0:00:00]} 6. Kd1 {[%emt 0:03:30]} Nf6 {[%emt 0:01:00]} 7. c5 {[%emt 0:03:30]} c6 {[%emt 0:00:00]} 8. Bd3 {[%emt 0:06:30]} Nbd7 {[%emt 0:02:00]} 9. Nf3 {[%emt 0:01:30]} Ba5 {[%emt 0:00:30]} 10. h3 {[%emt 0:21:30]} Bc7 {[%emt 0:00:00]} 11. g4 {[%emt 0:01:30]} (11. b4 $11) 11... Qb8 {[%emt 0:08:00]} (11... Bxf4 $17 12. exf4 b6) 12. Bxc7 {[%emt 0:05:30]} Qxc7 {[%emt 0:00:00]} 13. g5 {[%emt 0:01:30]} Nh5 {[%emt 0:13:00]} 14. b4 {[%emt 0:02:30]} e5 {[%emt 0:18:30]} 15. Be2 {[%emt 0:03:30]} g6 {[%emt 0:00:30]} 16. Qb2 {[%emt 0:01:30]} e4 {[%emt 0:05:30]} 17. Nd2 {[%emt 0:03:30]} Ng7 {[%emt 0:02:30]} 18. h4 {[%emt 0:10:30]} f5 {[%emt 0:04:30]} ({Better is} 18... h5 $15) 19. b5 $11 {[%emt 0:04:30]} ({White should play} 19. h5 $14) 19... f4 {[%emt 0:06:30]} 20. Rb1 {[%emt 0:01:30]} fxe3 {[%emt 0:02:30]} 21. fxe3 {[%emt 0:00:30]} Nf5 {[%emt 0:00:30]} 22. Rh3 {[%emt 0:00:37]} Rb8 {[%emt 0:06:26]} 23. h5 {[%emt 0:00:35]} Rf8 {[%emt 0:08:34]} 24. hxg6 {[%emt 0:02:56]} hxg6 {[%emt 0:00:00]} 25. Qa3 {[%emt 0:01:42]} Kf7 {[%emt 0:07:42]} 26. Kc2 {[%emt 0:00:40]} Rh8 {[%emt 0:00:01]} 27. Rbh1 {[%emt 0:07:55]} Kg7 {[%emt 0:00:01]} 28. Rxh8 {[%emt 0:03:02]} Rxh8 {[%emt 0:00:00]} 29. Rxh8 {[%emt 0:00:31]} Kxh8 {[%emt 0:00:02]} 30. Nf1 {[%emt 0:00:50]} b6 {[%emt 0:01:24]} 31. cxb6 {[%emt 0:00:17]} Qxb6 {[%emt 0:01:04]} 32. bxc6 {[%emt 0:00:41]} Qxc6+ {[%emt 0:00:13]} 33. Kd2 {[%emt 0:01:02]} Qb6 {[%emt 0:01:34]} 34. Bg4 {[%emt 0:02:18]} Qb5 {[%emt 0:00:19]} 35. Be2 {[%emt 0:00:43]} Qb6 {[%emt 0:00:11]} 36. Ke1 {[%emt 0:00:22]} Kg7 {[%emt 0:02:30]} 37. Kf2 {[%emt 0:00:30]} Nf8 {[%emt 0:00:08]} 38. Bg4 {[%emt 0:00:16]} Kf7 {[%emt 0:00:57]} 39. Bxf5 {[%emt 0:01:34]} gxf5 {[%emt 0:00:41]} 40. Ng3 {[%emt 0:00:24]} Qc7 {[%emt 0:01:09]} 41. Qa6 {[%emt 0:01:28]} Qc2+ {[%emt 0:00:29]} 42. Ne2 {[%emt 0:00:37]} Ne6 {[%emt 0:00:30]} 43. Qxa7+ {[%emt 0:00:30]} Kg6 {[%emt 0:00:00]} 44. Qa6 {[%emt 0:00:02]} Kf7 {[%emt 0:01:01]} 45. g6+ {[%emt 0:00:30]} Ke7 {[%emt 0:00:19]} 46. Qb7+ {[%emt 0:00:12]} Qc7 {[%emt 0:00:14]} 47. Qxc7+ {[%emt 0:00:49]} Nxc7 {[%emt 0:00:30]} 48. Nf4 {[%emt 0:00:30]} Kf6 {[%emt 0:00:01]} 49. Ke2 {[%emt 0:01:00]} Nb5 {[%emt 0:00:30]} 50. Kd2 {[%emt 0:00:09]} Na3 {[%emt 0:00:34]} 51. Kc3 {[%emt 0:00:49]} Kg7 {[%emt 0:00:30]} 52. Kb3 {[%emt 0:00:30]} Nc4 {[%emt 0:00:00]} 53. Nxd5 {[%emt 0:00:00]} Nd2+ {[%emt 0:00:00]} 54. Kc3 {[%emt 0:00:07]} Nb1+ {[%emt 0:00:38]} 55. Kb4 {[%emt 0:00:30]} Kxg6 {[%emt 0:00:30]} 56. a4 {[%emt 0:00:00]} Kf7 {[%emt 0:02:17]} 57. a5 {[%emt 0:00:16]} Ke6 {[%emt 0:00:00]} 58. a6 {[%emt 0:00:19]} 1-0

[Event "1st Turkish League 2017"]
[Site "Konya"]
[Date "2017.07.20"]
[Round "5"]
[White "Ozkan, Ervin"]
[Black "Aghamaliyev, Cemil"]
[Result "1/2-1/2"]
[WhiteElo "2206"]
[BlackElo "2493"]
[Annotator "TA"]
[PlyCount "70"]
[EventType "team-tourn"]
[EventCountry "TUR"]
[SourceTitle "playchess.com"]
[Source "ChessBase"]
[SourceQuality "1"]

{[%evp 13,70,22,64,56,68,36,50,16,22,12,14,0,9,0,0,0,30,28,28,4,12,13,15,25,81,0,60,24,66,0,76,35,29,36,27,7,8,0,81,0,54,39,38,41,223,225,231,135,198,0,97,76,111,0,31,0,119,0,39]} 1. d4 g6 2. c4 Bg7 3. Nf3 d6 4. Nc3 Bg4 5. e3 Nc6 6. Be2 e5 7. O-O Nf6 {LiveBook: 5 Games. A41: 1 d4 d6: Tartakower System and Modern Defence} (7... exd4 8. exd4 Nge7 9. d5 Bxf3 10. Bxf3 Ne5 11. Be2 O-O 12. Re1 Re8 13. Bg5 h6 14. Bd2 Nf5 15. Bf1 Re7 16. Rc1 {1-0 (28) Yilmaz,M (2570)-Kuzubov,Y (2650) Iasi 2015}) 8. h3 Bd7 9. b3 (9. d5 $5 {[%cal Rd5c6]} Ne7 10. Qb3 $16) 9... O-O {White is slightly better.} 10. dxe5 dxe5 11. Ba3 Re8 12. Qc2 a5 13. Rad1 $36 {[%mdl 2048] Black is under pressure.} Nb4 14. Qb1 $146 ({Predecessor:} 14. Qd2 c6 15. Na4 {1-0 (24) Banikas,H-Ntoutsoulis,P Ikaria 1992}) 14... c6 (14... e4 $5 {[%cal Re4f3]} 15. Nd4 Qe7 $14) 15. Bb2 Qc7 16. Nd2 Bf5 17. e4 $1 {[%cal Re4f5]} Be6 18. Na4 c5 (18... Qe7 $11) 19. Nf3 (19. a3 $16) 19... Nh5 (19... Bd7 $1 $11) 20. Rfe1 (20. a3 $5 {[%cal Ra3b4]}) 20... Nf4 21. Bf1 (21. a3 $14) 21... f6 (21... Bd7 $11) 22. Nc3 (22. a3 $5 {[%cal Ra3b4]}) 22... Nc6 23. Nd5 Qf7 24. Nxf4 exf4 25. Bc3 g5 (25... Qe7 $11) 26. Qb2 (26. e5 $1 $16 {Threatens to win with Bd3.} g4 27. hxg4 Bxg4 28. Be2) 26... g4 (26... h6 $11) 27. hxg4 $14 Bxg4 28. Be2 {Hoping for Nh4.} h5 $2 {[#]} (28... Rxe4 $14 29. Nh4 Qh5 30. Bxg4 Qxg4 31. Rxe4 Qxd1+ 32. Re1 Qg4) 29. Nh4 $1 $18 Rad8 30. Nf5 (30. Rd5 $18) 30... Qg6 (30... Rxd1 $16 {might work better.} 31. Bxd1 (31. Rxd1 Rxe4 32. Bxg4 hxg4 $18) 31... Bxf5 32. exf5 Rxe1+ 33. Bxe1 Qd7) 31. Nh4 $2 (31. Rd5 $18) 31... Qg5 (31... Qf7 $1 $11 {remains equal.}) 32. Nf3 $16 Qg6 33. Nh4 ({White should play} 33. Rd5 $16) 33... Qg5 $14 {White must now prevent ...Rxd1.} 34. Nf3 ({Better is} 34. Bxg4 $14 Qxg4 35. Rxd8 Rxd8 36. Nf5 (36. Bxf6 Rd6 $17)) 34... Qg6 $16 {[#]} 35. Nh4 ({White should try} 35. Rd5 $1 $16) 35... Qg5 {Precision: White = 32%, Black = 36%.} 1/2-1/2

[Event "1st Turkish League 2017"]
[Site "Konya"]
[Date "2017.07.20"]
[Round "5"]
[White "Keles, Cengiz"]
[Black "Gulbas, Cemil"]
[Result "0-1"]
[WhiteElo "2124"]
[BlackElo "2366"]
[Annotator "ChessBase"]
[PlyCount "84"]
[EventType "team-tourn"]
[EventCountry "TUR"]
[SourceTitle "playchess.com"]
[Source "ChessBase"]
[SourceQuality "1"]
[TimeControl "5400+30"]

1. d4 {[%emt 0:00:30]} d5 {[%emt 0:01:00]} 2. Nf3 {[%emt 0:00:30]} Nf6 {[%emt 0:00:30]} 3. c4 {[%emt 0:00:00]} c6 {[%emt 0:00:00]} 4. Nc3 {[%emt 0:00:00]} a6 {[%emt 0:01:00]} 5. b3 {[%emt 0:02:30]} Bf5 {[%emt 0:02:30]} 6. e3 {[%emt 0:05:30]} e6 {[%emt 0:00:00]} 7. Be2 {[%emt 0:08:30]} Bd6 {[%emt 0:03:00]} 8. O-O {[%emt 0:00:30]} Nbd7 {[%emt 0:01:30]} 9. Bb2 {[%emt 0:01:30]} b5 {[%emt 0:03:30]} 10. h3 {[%emt 0:13:30]} O-O {[%emt 0:04:30]} 11. Bd3 {[%emt 0:05:30]} Rb8 {[%emt 0:06:30]} 12. Bxf5 {[%emt 0:01:30]} exf5 {[%emt 0:00:30]} 13. cxb5 {[%emt 0:05:30]} cxb5 {[%emt 0:00:00]} 14. Qd3 {[%emt 0:00:30]} g6 {[%emt 0:06:00]} 15. Ne2 {[%emt 0:05:30]} Qb6 {[%emt 0:06:30]} 16. Rac1 {[%emt 0:03:30]} Rbc8 {[%emt 0:06:30]} 17. Ne5 {[%emt 0:08:30]} Qb7 {[%emt 0:01:30]} 18. Ng3 {[%emt 0:09:30]} Ne4 {[%emt 0:02:30]} 19. Ne2 {[%emt 0:09:24]} Rce8 {[%emt 0:19:30]} 20. Nf4 {[%emt 0:07:12]} Nb8 {[%emt 0:09:30]} 21. f3 {[%emt 0:03:49]} Ng3 {[%emt 0:00:30]} 22. Rfe1 {[%emt 0:02:24]} f6 {[%emt 0:02:30]} 23. Kf2 {[%emt 0:03:57]} g5 {[%emt 0:02:30]} 24. Kxg3 {[%emt 0:01:39]} fxe5 {[%emt 0:02:28]} 25. dxe5 {[%emt 0:00:01]} gxf4+ {[%emt 0:00:26]} 26. exf4 {[%emt 0:00:01]} Bb4 {[%emt 0:04:03]} 27. Re2 {[%emt 0:00:45]} Re6 {[%emt 0:02:40]} 28. Rec2 {[%emt 0:00:30]} Ba5 {[%emt 0:00:17]} 29. Rc5 {[%emt 0:00:00]} Qf7 {[%emt 0:02:41]} 30. Rxd5 {[%emt 0:00:23]} Nc6 {[%emt 0:01:13]} 31. Rd6 {[%emt 0:01:23]} Ne7 {[%emt 0:01:26]} 32. Rd7 {[%emt 0:00:19]} h5 {[%emt 0:01:39]} 33. h4 {[%emt 0:00:49]} Kh7 {[%emt 0:00:53]} 34. Rd6 {[%emt 0:00:48]} Rg8+ {[%emt 0:01:04]} 35. Kf2 {[%emt 0:00:36]} Qg6 {[%emt 0:00:24]} 36. Rg1 {[%emt 0:00:00]} Bb6+ {[%emt 0:00:40]} 37. Rxb6 {[%emt 0:00:27]} Rxb6 {[%emt 0:00:00]} 38. g3 {[%emt 0:00:03]} Rc8 {[%emt 0:01:30]} 39. Rd1 {[%emt 0:00:29]} Rg8 {[%emt 0:00:32]} 40. Rg1 {[%emt 0:00:06]} Rbb8 {[%emt 0:00:33]} 41. Qd7 {[%emt 0:00:52]} Qe8 {[%emt 0:01:33]} 42. Qe6 {[%emt 0:00:30]} Rg6 {[%emt 0:00:00]} 0-1

[Event "1st Turkish League 2017"]
[Site "Konya"]
[Date "2017.07.20"]
[Round "5"]
[White "Rzayev, Askar Aliakbar"]
[Black "Zeydan, Salih"]
[Result "0-1"]
[WhiteElo "2080"]
[BlackElo "2001"]
[Annotator "NA"]
[PlyCount "70"]
[EventType "team-tourn"]
[EventCountry "TUR"]
[SourceTitle "playchess.com"]
[Source "ChessBase"]
[SourceQuality "1"]
[TimeControl "5400+30"]

1. d4 {[%emt 0:00:30]} Nf6 {[%emt 0:01:00]} 2. Bg5 {[%emt 0:00:00]} Ne4 {[%emt 0:00:30]} 3. Bf4 {[%emt 0:00:00]} c5 {[%emt 0:00:30]} 4. d5 {[%emt 0:00:00]} Qb6 {[%emt 0:03:30]} 5. Bc1 {[%emt 0:00:00]} f5 {[%emt 0:05:30]} 6. Nf3 {[%emt 0:04:30]} g6 {[%emt 0:04:30]} 7. a4 {[%emt 0:02:30]} Qa5+ {[%emt 0:09:30]} 8. c3 {[%emt 0:00:30]} Bg7 {[%emt 0:06:30]} 9. Nbd2 {[%emt 0:07:30]} Nxd2 {[%emt 0:07:30]} 10. Nxd2 {[%emt 0:00:30]} d6 {[%emt 0:01:30]} 11. Nc4 {[%emt 0:00:30]} Bxc3+ {[%emt 0:01:30]} 12. bxc3 {[%emt 0:34:30]} Qxc3+ {[%emt 0:00:30]} 13. Bd2 {[%emt 0:00:00]} Qxc4 {[%emt 0:00:30]} 14. Ba5 {[%emt 0:01:00]} e6 {[%emt 0:11:30]} 15. dxe6 {[%emt 0:03:30]} Nc6 {[%emt 0:03:30]} 16. e3 {[%emt 0:01:30]} Qxe6 {[%emt 0:00:30]} 17. Bb5 {[%emt 0:04:30]} Bd7 {[%emt 0:05:30]} 18. Bc3 {[%emt 0:02:30]} O-O {[%emt 0:01:30]} 19. O-O {[%emt 0:00:00]} a6 {[%emt 0:01:30]} 20. Be2 {[%emt 0:02:00]} Ne5 {[%emt 0:03:30]} 21. Bxe5 $19 {[%emt 0:11:30]} Qxe5 {[%emt 0:02:30]} 22. Qb3+ {[%emt 0:01:30]} Be6 {[%emt 0:01:30]} 23. Qxb7 {[%emt 0:01:30]} Bd5 {[%emt 0:02:30]} 24. Qc7 {[%emt 0:00:30]} f4 {[%emt 0:02:30]} 25. Rfd1 {[%emt 0:12:02]} fxe3 {[%emt 0:03:51]} 26. f3 {[%emt 0:00:12]} Rf7 {[%emt 0:01:58]} 27. Qa5 {[%emt 0:01:00]} Rb7 {[%emt 0:04:48]} 28. Rac1 {[%emt 0:05:01]} Rb2 {[%emt 0:00:56]} 29. Qe1 {[%emt 0:01:57]} Bf7 {[%emt 0:07:25]} 30. Rb1 {[%emt 0:02:32]} Rab8 {[%emt 0:02:36]} 31. Rxb2 {[%emt 0:00:42]} Rxb2 {[%emt 0:00:10]} 32. Bxa6 {[%emt 0:00:49]} e2 {[%emt 0:01:04]} 33. Rc1 {[%emt 0:00:29]} Qe3+ {[%emt 0:02:06]} 34. Kh1 {[%emt 0:00:01]} Rd2 {[%emt 0:01:02]} 35. Bb5 {[%emt 0:00:58]} Bb3 {[%emt 0:00:46]} 0-1